000 00425nam a2200169Ia 4500
005 20250603145353.0
008 250603s9999 xx 000 0 und d
020 _a9780538745284
050 _aTK 5105.8883 .S54/
100 _aShelly, Gary B.
245 0 _aMicrosoft expression web 2
260 _aUnited State
260 _bCourse technology cengage learing
260 _c2010
650 _aUnited State
942 _cBK
999 _c41663
_d41663